• 首页
  • 本馆介绍
  • 公告通知
  • 最新文献
  • 馆藏检索
  • 电子资源
  • 读者导购
  • 参考咨询
  • 我的图书馆
  • 登录
  • 详细信息显示
  • 放入我的书架
  • 预约/预借图书
  • 作者相关作品
  • 分类相关作品
  • 丛书相关作品
  • 出版社相关作品

书目信息

  • 表格格式
  • 工作单格式
  • 卡片格式
题名:
冷战背景下的联美抗苏战略研究
    
 
作者: 张润 著
分册:  
出版信息: 北京   九州出版社  2014
页数: 256页
开本: 24cm
丛书名:
单 册:
中图分类: D819
科图分类:
主题词: 冷战--国际关系史--研究 , 冷战 , 国际关系史
电子资源:
ISBN: 978-7-5108-2785-3
000 00874nam0 2200265 450
001 339202
005 20150604095047.34
010    @a978-7-5108-2785-3@dCNY52.00
100    @a20140828d2014 kemy0chiy50 ea
101 0  @achi
102    @aCN@b110000
105    @ay v 000yy
106    @ar
200 1  @a冷战背景下的联美抗苏战略研究@Aleng zhan bei jing xia de lian mei kang su zhan lue yan jiu@f张润著
210    @a北京@c九州出版社@d2014
215    @a256页@d24cm
300    @a上海金融学院资助出版
330    @a本书以邓小平外交思想为理论基础, 以国家利益因素的增长和意识形态影响的弱化为主要理论视角, 研究上世纪60年代末至80年代末中国的联美抗苏外交战略的演变。
606 0  @a冷战@x国际关系史@x研究
606 0  @a冷战
606 0  @a国际关系史
690    @aD819@v5
701  0 @a张润@Azhang run@f(1971-)@4著
801  0 @aCN@b卓展宏图@c20150525
905    @dD819@e111@f4
    
    冷战背景下的联美抗苏战略研究/张润著.-北京:九州出版社,2014
    256页;24cm
    上海金融学院资助出版
    
    ISBN 978-7-5108-2785-3:CNY52.00
    本书以邓小平外交思想为理论基础, 以国家利益因素的增长和意识形态影响的弱化为主要理论视角, 研究上世纪60年代末至80年代末中国的联美抗苏外交战略的演变。
●
相关链接 在E读中查询图书 在五车中查询图书 在当当中查询图书 在豆瓣中查询图书


正题名:冷战背景下的联美抗苏战略研究     索取号:D819/111         预约/预借

序号 登录号 条形码 馆藏地/架位号 状态 备注
1 859851   208598515   第一样本阅览室/ [索取号:D819/111] 在馆    
2 859852   208598524   第一借阅区/ [索取号:D819/111] 在馆    
3 859853   208598533   第一借阅区/ [索取号:D819/111] 在馆    
4 859854   208598542   第一借阅区/ [索取号:D819/111] 在馆    
唐山师范学院图书馆 欢迎您!
大连网信软件有限公司© 版权所有